Plan de negocios para la creación de una empresa de servicios de pintura para ambientes internos y externos en la ciudad de Oruro / (Registro nro. 16147)
[ vista simple ]
| 000 -LEADER | |
|---|---|
| campo de control de longitud fija | 01525nam a2200289 4500 |
| 003 - IDENTIFICADOR DE NÚMERO DE CONTROL | |
| campo de control | BOFEUTO |
| 005 - FECHA Y HORA DE LA ÚLTIMA TRANSACCIÓN | |
| campo de control | 20260512143529.0 |
| 008 - DATOS DE LONGITUD FIJA--INFORMACIÓN GENERAL | |
| campo de control de longitud fija | 260504t2024 bo a gr 001 | spa d |
| 040 ## - FUENTE DE CATALOGACIÓN | |
| Enlace | BOFEUTO |
| Centro catalogador/agencia de origen | BOFEUTO |
| Centro/agencia transcriptor | BOFEUTO |
| 041 ## - CÓDIGO DE IDIOMA | |
| Código de lengua del texto/banda sonora o título independiente | spa |
| 044 ## - CÓDIGO DEL PAÍS DE LA ENTIDAD EDITORA/PRODUCTORA | |
| Código MARC del país | bo |
| 082 ## - NÚMERO DE LA CLASIFICACIÓN DECIMAL DEWEY | |
| Número de clasificación | TE6286 |
| Número de ítem | C781p |
| 100 ## - ENTRADA PRINCIPAL--NOMBRE DE PERSONA | |
| Nombre de persona | Copa Ignacio, Kevin Rolando |
| Término indicativo de función/relación | autor |
| 245 ## - MENCIÓN DEL TÍTULO | |
| Título | Plan de negocios para la creación de una empresa de servicios de pintura para ambientes internos y externos en la ciudad de Oruro / |
| Mención de responsabilidad, etc. | Kevin Rolando Copa Ignacio, Iván Mirko Meneses Zambrana |
| 260 ## - PUBLICACIÓN, DISTRIBUCIÓN, ETC. | |
| Lugar de publicación, distribución, etc. | Oruro : |
| Nombre del editor, distribuidor, etc. | s/n, |
| Fecha de publicación, distribución, etc. | 2024. |
| 300 ## - DESCRIPCIÓN FÍSICA | |
| Extensión | 170 hojas ; |
| Otras características físicas | cuadros, gráf., fig., il. ; |
| Dimensiones | 28.5 cm. |
| 500 ## - NOTA GENERAL | |
| Nota general | Incluye bibliografía, anexos. |
| 502 ## - NOTA DE TESIS | |
| Nota de tesis | Tesis Dirigida - Plan de Negocios, (Licenciatura) -- Universidad Técnica de Oruro, Facultad de Ciencias Económicas, Financieras y Administrativas, Carrera Administración de Empresas, 2024. |
| 520 ## - RESUMEN, ETC. | |
| Sumario, etc. | El propósito del presente trabajo de investigación busca identificar los factores que deben considerarse en la investigación de mercados, para la creación de una empresa de servicios de pintura para ambientes internos y externos en la ciudad de Oruro, que brinde mano de obra calificada y servicios de alta calidad, asegurando la satisfacción del cliente, con resultados duraderos y profesionales. |
| 650 ## - PUNTO DE ACCESO ADICIONAL DE MATERIA--TÉRMINO DE MATERIA | |
| Término de materia o nombre geográfico como elemento de entrada | Administración |
| 653 ## - TÉRMINO DE INDIZACIÓN--NO CONTROLADO | |
| Término no controlado | Plan de mercado |
| 653 ## - TÉRMINO DE INDIZACIÓN--NO CONTROLADO | |
| Término no controlado | Marketing Mix |
| 653 ## - TÉRMINO DE INDIZACIÓN--NO CONTROLADO | |
| Término no controlado | Ventas |
| 700 ## - ENTRADA AGREGADA--NOMBRE PERSONAL | |
| Nombre de persona | Meneses Zambrana, Iván Mirko |
| Término indicativo de función/relación | tutor |
| 942 ## - ELEMENTOS DE ENTRADA SECUNDARIOS (KOHA) | |
| Fuente del sistema de clasificación o colocación | Clasificación Decimal Dewey |
| Tipo de ítem Koha | Tesis |
| Suprimir en OPAC | No |
| 942 ## - ELEMENTOS DE ENTRADA SECUNDARIOS (KOHA) | |
| Suprimir en OPAC | No |
| Fuente del sistema de clasificación o colocación | Clasificación Decimal Dewey |
| Estatus retirado | Estado de pérdida | Fuente del sistema de clasificación o colocación | Estado de daño | No para préstamo | Biblioteca de origen | Biblioteca actual | Ubicación en estantería | Fecha de adquisición | Fuente de adquisición | Número de inventario | Total de préstamos | Signatura topográfica completa | Código de barras | Visto por última vez | Copia número | Precio de reemplazo | Tipo de ítem Koha |
|---|---|---|---|---|---|---|---|---|---|---|---|---|---|---|---|---|---|
| No dañado | Disponible | Clasificación Decimal Dewey | No Dañado | Disponible | Biblioteca Central | Biblioteca Central | Fondo General | 04/05/2026 | Donación | 6286 | TE6286/C781p/2024 | TE6286 | 12/05/2026 | Ej. 1 | 12/05/2026 | Tesis |